|
|
|
|
| LEADER |
00000cam a2200000 7i4500 |
| 001 |
0000002477 |
| 005 |
20030627.0 |
| 020 |
0 |
0 |
|a 0471842370
|
| 090 |
0 |
0 |
|a R634.90973
|b STO 1987
|
| 100 |
1 |
0 |
|a STODDARD
|h Charles Hatch
|c 1912-
|
| 245 |
1 |
0 |
|a Essentials of forestry practice
|c Charles H. Stoddard, Glenn M. Stoddard
|
| 250 |
0 |
0 |
|a 4th ed.
|
| 260 |
0 |
0 |
|a New Jersey :
|b Wiley ,
|c 1987
|
| 300 |
|
|
|a xiv, 407 p. :
|b ill. ;
|c 24 cm.
|
| 500 |
0 |
0 |
|a Includes bibliography : p. 375-382 and index
|
| 650 |
0 |
0 |
|a Forests and forestry
|
| 650 |
0 |
0 |
|a Forests and forestry
|z United States
|
| 700 |
0 |
1 |
|a Stoddard
|h Glenn M.
|
| 998 |
|
|
|a JPSM
|
| 999 |
|
|
|a 0000004629
|b Monograph
|c Reference
|e Default branch
|